| 000 | 00373 a2200157 4500 | ||
|---|---|---|---|
| 001 | 84862 | ||
| 082 | _a629.13435 WAR | ||
| 090 |
_c40076 _d40075 |
||
| 100 | _aThomas A. Ward | ||
| 245 | _aAerospace Propulsion Systems | ||
| 250 | _a1 | ||
| 260 |
_aSingapore _bJohn wiley _c2010 |
||
| 300 |
_axxvi527p. _bphtostate |
||
| 500 | _aDOS BS Textbooks | ||
| 505 | _aAHQ Books | ||
| 942 |
_aCAE NUST _k629.13435 |
||
| 999 |
_c319935 _d319935 |
||